[Event "Podgorica"]
[Site "Podgorica"]
[Date "1991.??.??"]
[Round "6"]
[White "Pajkovic, Vladimir"]
[Black "Marinovic, Bozidar"]
[Result "1-0"]
[WhiteElo "2415"]
[BlackElo "2355"]

1.Nf3 Nf6 2.c4 g6 3.Nc3 Bg7 4.e4 d6 5.d4 O-O 6.Be2 e5 7.Be3 h6 8.dxe5 Ng4
9.Bc1 Nxe5 10.Nd4 Nbc6 11.Be3 Nxd4 12.Bxd4 Be6 13.Nd5 c5 14.Bc3 Nc6 15.Bxg7 Kxg7
16.Ne3 Qa5+ 17.Qd2 Qxd2+ 18.Kxd2 Nd4 19.Bd3 a6 20.Rhe1 b5 21.Kc3 b4+ 22.Kd2 a5
23.Rad1 a4 24.h3 a3 25.b3 Rfe8 26.Kc1 Rad8 27.Bf1 f6 28.Rd2 Kf7 29.Red1 Ke7
30.Rxd4 cxd4 31.Rxd4 Rb8 32.Kd2 Rec8 33.Be2 h5 34.Bd1 Rh8 35.Bf3 Rhf8 36.Be2 Rh8
37.Rd3 Rb6 38.Rd4 Rc8 39.f4 Bf7 40.Ke1 Rbb8 41.Kf2 Rb6 42.f5 gxf5 43.Bxh5 Rc5
44.Bxf7 Kxf7 45.Nxf5 Ke6 46.g3 Rc7 47.h4 Rd7 48.Kf3 Rb8 49.Rd5  1-0

[Event "Podgorica"]
[Site "Podgorica"]
[Date "1991.??.??"]
[Round "8"]
[White "Pajkovic, Vladimir"]
[Black "Brajovic, Radovan"]
[Result "1-0"]
[WhiteElo "2415"]
[BlackElo "2285"]

1.Nf3 Nf6 2.c4 g6 3.Nc3 d6 4.e4 Bg7 5.d4 O-O 6.Be2 e5 7.Be3 Ng4 8.Bg5 f6
9.Bh4 Nc6 10.d5 Ne7 11.Nd2 Nh6 12.f3 Nf7 13.Bf2 c5 14.a3 f5 15.Bd3 h5 16.Qc2 a6
17.b4 b6 18.Rb1 Bd7 19.Rb2 fxe4 20.Ndxe4 Nf5 21.Qb1 h4 22.O-O h3 23.g3 Nd4
24.Be3 Rb8 25.Kh1 Qc7 26.Qc1 b5 27.bxc5 dxc5 28.d6 Nxd6 29.Nd5 Qd8 30.Bg5 Qa5
31.Nxd6 Bf5 32.Ne7+ Kh7 33.Ndxf5 gxf5 34.Qd1 Qb6 35.g4 e4 36.fxe4 Ne6 37.gxf5 Nxg5
38.f6 Rxf6 39.e5+ Kh8 40.exf6 Qb7+  1-0

[Event "Podolsk"]
[Site "Podolsk"]
[Date "1991.??.??"]
[Round "?"]
[White "Touzane, Olivier"]
[Black "Poldauf, Dirk"]
[Result "0-1"]
[WhiteElo "2250"]
[BlackElo "2385"]

1.d4 Nf6 2.c4 g6 3.Nc3 Bg7 4.e4 d6 5.Nf3 O-O 6.Be2 e5 7.O-O Na6 8.Rb1 exd4
9.Nxd4 Nc5 10.f3 a5 11.Be3 Re8 12.Qd2 c6 13.Nc2 Qe7 14.Rfd1 Bf8 15.Bf1 Nfd7
16.Qf2 Ne5 17.Nd4 f5 18.exf5 Nxf3+ 19.Qxf3 Qxe3+ 20.Qxe3 Rxe3 21.fxg6 hxg6
22.Re1 Rxe1 23.Rxe1 Bg7 24.Rd1 a4 25.b4 axb3 26.axb3 Ra3 27.b4 Ne6 28.Nxe6 Bxc3
29.Nf4 g5 30.Ng6 Kg7 31.Ne7 Bg4 32.Rxd6 Kf7 33.Ng6 Bxb4 34.Ne5+ Ke7 35.Rxc6 Bc3
36.Rc7+ Kd6 37.Nxg4 Bd4+ 38.Kh1 Kxc7 39.g3 Ra2 40.h4 gxh4 41.gxh4 Kd6 42.h5 Ke6
43.Bd3 Rd2 44.Be4 b6 45.h6 Kf7 46.Bf5 Rb2 47.Be4 Ke6 48.Bg6 Rb4 49.Bh7 Ke7
50.Bg8 Kf8 51.Be6 Rb2 52.Bd5 Rc2 53.Be6 Ke7 54.Bg8 Re2 55.Bh7 Kd6 56.Bd3 Rd2
57.Bg6 Re2 58.Bf7 Kc5 59.h7 Re4 60.Bh5 Kxc4 61.Kg2 b5 62.Kf3 Re7 63.Bg6 b4
64.Nh6 Ra7 65.Nf5 Bf6 66.Nd6+ Kb3 67.Ne4 Bh8 68.Nd2+ Kc3 69.Nb1+ Kb2 70.Nd2 b3
71.Nb1 Kc1 72.Ke3 Re7+ 73.Kf3 Re6 74.Bd3 Rh6 75.Kg2 Be5 76.Na3 Rh2+ 77.Kf1 Ra2
78.Nc4 Bg7 79.Ke1 Bc3+ 80.Kf1 b2 81.Nd6 b1=Q  0-1

[Event "Ponferrada op"]
[Site "Ponferrada"]
[Date "1991.??.??"]
[Round "?"]
[White "Azmaiparashvili, Zurab"]
[Black "Danailov, Silvio"]
[Result "1-0"]
[WhiteElo "2585"]
[BlackElo "2475"]

1.Nf3 d6 2.c4 g6 3.d4 Bg7 4.Nc3 Nf6 5.e4 O-O 6.Be2 e5 7.Be3 Na6 8.O-O Qe8
9.Re1 Ng4 10.Bc1 Kh8 11.h3 Nh6 12.Bf1 f6 13.Be3 Nf7 14.Rb1 c5 15.dxc5 dxc5
16.Nd5 Bd7 17.a3 Rc8 18.b4 b6 19.Nd2 Qe6 20.Be2 Nd6 21.Qb3 f5 22.exf5 gxf5
23.Bf1 Qf7 24.Nf3 Rfe8 25.Rbd1 Qf8 26.Bc1 b5 27.cxb5 Bxb5 28.Bxb5 Nxb5 29.Qc4 Nac7
30.bxc5 Nxd5 31.Rxd5 Qf7 32.Ng5 Qb7 33.Qh4 h6 34.Red1  1-0

[Event "Ponferrada op"]
[Site "Ponferrada"]
[Date "1991.??.??"]
[Round "2"]
[White "Azmaiparashvili, Zurab"]
[Black "Solana Suarez, Ernesto"]
[Result "1-0"]
[WhiteElo "2585"]
[BlackElo "2275"]

1.d4 Nf6 2.c4 g6 3.Nc3 Bg7 4.e4 d6 5.Nf3 O-O 6.Be2 e5 7.Be3 Ng4 8.Bg5 f6
9.Bh4 Nc6 10.d5 Ne7 11.Nd2 Nh6 12.f3 c5 13.a3 g5 14.Bf2 Ng6 15.b4 b6 16.g4 Nf4
17.Nf1 Bd7 18.Ne3 Nf7 19.Qb3 cxb4 20.axb4 a5 21.Kd2 f5 22.gxf5 Qe7 23.b5 Nh3
24.Bg3 Qd8 25.Bf1 Nf4 26.Na4 Qc7 27.Ra2 Nd8 28.c5 bxc5 29.b6 Qb7 30.Bb5 Nf7
31.Rb1 Rfb8 32.Ke1 Qc8 33.Kf1 Qe8 34.Nc4 Bxb5 35.Qxb5 Qxb5 36.Rxb5 Nd3 37.Rxa5 Nb4
38.Rb2 Rxa5 39.Nxa5 Ra8 40.b7 Rb8 41.Be1  1-0

[Event "Porz op26"]
[Site "Porz"]
[Date "1991.??.??"]
[Round "4"]
[White "Ragozin, Evgeni"]
[Black "Kovalev, Andrei"]
[Result "1-0"]
[WhiteElo "2395"]
[BlackElo "2550"]

1.Nf3 Nf6 2.c4 g6 3.Nc3 Bg7 4.e4 d6 5.d4 O-O 6.Be2 e5 7.O-O Na6 8.Be3 Ng4
9.Bg5 Qe8 10.d5 h6 11.Bd2 f5 12.Nh4 Nf6 13.exf5 gxf5 14.f4 e4 15.Be3 Nc5
16.Bd4 a5 17.Qd2 Kh7 18.Rab1 Rg8 19.Nd1 Ng4 20.Bxg4 Bxd4+ 21.Qxd4 Rxg4 22.g3 Qe7
23.Ng2 Bd7 24.Nf2 Rg7 25.b3 b5 26.cxb5 Bxb5 27.Rfe1 Rb8 28.Qc3 Qf7 29.Qxa5 Qxd5
30.Ne3 Qf7 31.Red1 Bc6 32.Qc3 Rb6 33.b4 Ne6 34.Qb3 Rb8 35.Nh3 Rbg8 36.Kg2 Qh5
37.Rf1 Qh4 38.Ng5+ Rxg5 39.fxg5 Qxg5 40.Rxf5 Qg6 41.Qc3 Bd7 42.Rbf1 Rg7 43.Nd5  1-0

[Event "Porz op26"]
[Site "Porz"]
[Date "1991.??.??"]
[Round "9"]
[White "Kamp, Christoph"]
[Black "Schaefer, Markus"]
[Result "0-1"]
[WhiteElo "2255"]
[BlackElo "2460"]

1.c4 Nf6 2.Nc3 g6 3.e4 d6 4.d4 Bg7 5.Be2 O-O 6.Nf3 Na6 7.O-O e5 8.Be3 Ng4
9.Bg5 Qe8 10.dxe5 dxe5 11.Nd2 h6 12.Bh4 Nf6 13.Nd5 g5 14.Bg3 c6 15.Nxf6+ Bxf6
16.Bg4 Nc5 17.Bxc8 Rxc8 18.Qf3 Qe7 19.Rfd1 Ne6 20.Nf1 Nd4 21.Qg4 Bg7 22.Ne3 Qf6
23.c5 Rfe8 24.Nc4 Rcd8 25.h4 Qe6 26.Qxe6 Rxe6 27.hxg5 hxg5 28.Rd2 f6 29.Rad1 Re7
30.f3 Red7 31.Bf2 Bf8 32.Bxd4 exd4 33.b4 b6 34.Kf1 bxc5 35.bxc5 Bxc5 36.Na5 Bb4
37.Nxc6 Bxd2 38.Nxd8 Be3 39.Nc6 Rb7  0-1

[Event "JUG-Cup final"]
[Site "Pula"]
[Date "1991.??.??"]
[Round "1"]
[White "Bukic, Enver"]
[Black "Kozul, Zdenko"]
[Result "1-0"]
[WhiteElo "2440"]
[BlackElo "2580"]

1.d4 Nf6 2.c4 g6 3.Nc3 Bg7 4.e4 d6 5.Nf3 O-O 6.Be2 e5 7.O-O Na6 8.Re1 Qe8
9.Bf1 Bg4 10.d5 Nb4 11.Be2 a5 12.Rb1 Na6 13.Be3 Nh5 14.Nd2 Bxe2 15.Qxe2 Nf4
16.Qf1 Qd7 17.f3 f5 18.Kh1 Nh5 19.b3 f4 20.Bf2 g5 21.Qe2 Rf6 22.Nf1 Rg6 23.a3 Rf8
24.b4 axb4 25.axb4 g4 26.fxg4 Rxg4 27.Qf3 Ng3+ 28.Kg1 Rg6 29.c5 Nxf1 30.Kxf1 Bh6
31.Re2 Qg7 32.c6 Kh8 33.cxb7 Nb8 34.Ra1 c6 35.Ra7 Qc7 36.dxc6 Qxc6 37.Nd5 Rg7
38.Qc3 Qxc3 39.Nxc3 Nc6 40.Ra6 Nd4 41.Ra8 Rxb7 42.Rxf8+ Bxf8 43.Bxd4 exd4
44.Nd5 Kg8 45.Ra2 Bg7 46.Ke2 Be5 47.Kd3 Kf7 48.Kc4 Ke6 49.b5 Kd7 50.h3 h5
51.b6 Kc6 52.Ra6 Kd7 53.Kb5 d3 54.Ra3 Bd4 55.Rxd3 Bc5 56.Rf3 Ke6 57.Kc6 Rb8  1-0

[Event "Reggio mem Chicco"]
[Site "Reggio Emilia"]
[Date "1991.??.??"]
[Round "?"]
[White "Arlandi, Ennio"]
[Black "Cvitan, Ognjen"]
[Result "1-0"]
[WhiteElo "2400"]
[BlackElo "2535"]

1.d4 Nf6 2.c4 g6 3.Nc3 Bg7 4.e4 d6 5.Nf3 O-O 6.Be2 e5 7.Be3 Ng4 8.Bg5 f6
9.Bh4 g5 10.Bg3 Nh6 11.h3 Nc6 12.d5 Nd4 13.Nxd4 exd4 14.Qxd4 f5 15.Qd2 f4
16.Bh2 Nf7 17.O-O-O Ne5 18.f3 c5 19.dxc6 bxc6 20.h4 Qa5 21.hxg5 Rb8 22.Qxd6 Rb4
23.Bg1 Rb7 24.Qc5 Qa6 25.Bd4 Re8 26.Qa3 Qxa3 27.bxa3 Be6 28.Kc2 Bxc4 29.Rb1 Rd7
30.Bxe5 Bxe2 31.Nxe2 Rxe5 32.Rb8+ Kf7 33.Nxf4 Rxg5 34.Rxh7 Rc5+ 35.Kb3 Rc3+
36.Ka4 a5 37.Nh5 Rd4+ 38.Kxa5 Rxa3+ 39.Kb6 Rb4+ 40.Kc7  1-0

[Event "Reggio Emilia91 Top16"]
[Site "Reggio Emilia"]
[Date "1991.??.??"]
[Round "?"]
[White "Polugaevsky, Lev"]
[Black "Gurevich, Mikhail"]
[Result "1/2-1/2"]
[WhiteElo "2610"]
[BlackElo "2650"]

1.d4 Nf6 2.c4 g6 3.Nc3 Bg7 4.e4 d6 5.Be2 O-O 6.Nf3 e5 7.Be3 exd4 8.Nxd4 Re8
9.f3 c6 10.Qd2 d5 11.exd5 cxd5 12.O-O Nc6 13.Rad1 Nxd4 14.Bxd4 dxc4 15.Bxc4 a6
16.Rfe1 Bf5 17.g4 Rxe1+ 18.Qxe1 Qc7 19.Bxf6 Bxf6 20.Nd5 Qc5+ 21.Kg2 Bg5 22.h4 Bd8
23.Qe8+ Kg7 24.Ne3 Bxh4 25.Qxf7+ Kh8 26.gxf5 Qxe3 27.fxg6 Qg5+ 28.Kf1 Qxg6
29.Qxg6  1/2-1/2

[Event "Salamanca"]
[Site "Salamanca"]
[Date "1991.??.??"]
[Round "7"]
[White "Rodriguez Vargas, Orestes"]
[Black "Zapata, Alonso"]
[Result "1-0"]
[WhiteElo "2470"]
[BlackElo "2530"]

1.d4 Nf6 2.c4 g6 3.Nc3 Bg7 4.e4 O-O 5.Nf3 d6 6.Be2 Nbd7 7.O-O e5 8.Re1 c6
9.Bf1 exd4 10.Nxd4 Ng4 11.h3 Qb6 12.hxg4 Qxd4 13.Qe2 Qf6 14.g5 Qe7 15.Be3 Ne5
16.Qd2 Be6 17.b3 f6 18.Be2 Rad8 19.Rf1 Nf7 20.gxf6 Qxf6 21.Rac1 Qh4 22.f4 b6
23.Bf2 Qf6 24.Bf3 g5 25.f5 Bd7 26.Be3 Qh6 27.Ne2 Be5 28.g3 d5 29.cxd5 cxd5
30.exd5 Bxf5 31.Nd4 Bh3 32.Rf2 Bxg3 33.Rg2 Qh4 34.Nc6 Rde8 35.Rc4 g4 36.d6 Nxd6
37.Bd5+ Nf7 38.Bg5 Re1+ 39.Qxe1 Bh2+ 40.Kxh2 Qxe1 41.Bf6 h5 42.Ne7+ Kh7 43.Be4+ Kh6
44.Nf5+ Kg6 45.Bc3 Qxe4 46.Nh4+ Kg5 47.Rxe4 Kxh4 48.Be1+ Kg5 49.Rf2 Nd6 50.Rxg4+ Bxg4
51.Rxf8 Be6 52.Bd2+ Kg6 53.Bf4 Nc8 54.Be5 Kg5 55.Bf4+ Kg4 56.Bg3 Kg5 57.Bf4+ Kg4
58.Bg3 Kg5 59.Re8 Kf6 60.Kg2 Bg4 61.Kf2 Kf7 62.Re4 Ne7 63.Ra4 Nc6 64.Rc4 Bd7
65.Rc1 Ke7 66.Ke3 Be8 67.a3 Kd7 68.b4 b5 69.Rc5 a6 70.Rg5 Ke6 71.Rg8 Kf7
72.Rg5 Ke6 73.Ke4 Bf7 74.Be1 Ke7 75.Rc5 Kd6 76.Kf5 Be6+ 77.Kf6 Bg4 78.Bg3+ Kd7
79.Rg5 Kc8 80.Rg8+ Kb7 81.Rg7+ Ka8 82.Rc7 Bf3 83.Be1 Kb8 84.Rh7 Bg4 85.Bc3 Kc8
86.Kg5 Kd8 87.Kf6 Ke8 88.Be5 a5 89.bxa5 Nxa5 90.Re7+  1-0

[Event "San Francisco"]
[Site "San Francisco"]
[Date "1991.??.??"]
[Round "4"]
[White "Browne, Walter S"]
[Black "Tal, Mihail"]
[Result "1/2-1/2"]
[WhiteElo "2500"]
[BlackElo "2570"]

1.d4 Nf6 2.c4 g6 3.Nc3 Bg7 4.e4 O-O 5.Nf3 d6 6.Be2 e5 7.O-O Na6 8.Be3 Qe8
9.dxe5 dxe5 10.Nd2 b6 11.a3 Nc5 12.b4 Ne6 13.Nb3 Bb7 14.Qc2 Rd8 15.Rad1 Nd4
16.Nxd4 exd4 17.Rxd4 Rxd4 18.Bxd4 Bxe4 19.Qb2 Nh5 20.Bxg7 Nxg7 21.Re1 Bc6
22.Qa1 Qd8  1/2-1/2

[Event "San Sebastian op"]
[Site "San Sebastian"]
[Date "1991.??.??"]
[Round "5"]
[White "Garcia Trobat, Francisco"]
[Black "Damljanovic, Branko"]
[Result "0-1"]
[WhiteElo "2305"]
[BlackElo "2560"]

1.d4 Nf6 2.c4 g6 3.Nc3 Bg7 4.e4 d6 5.Be2 O-O 6.Nf3 e5 7.dxe5 dxe5 8.Qxd8 Rxd8
9.Bg5 Re8 10.Nd5 Nxd5 11.cxd5 c6 12.Bc4 cxd5 13.Bxd5 Nd7 14.Nd2 h6 15.Be3 Nf6
16.Bb3 b6 17.f3 Ba6 18.Rc1 Rac8 19.Kf2 Bf8 20.Rhd1 Red8 21.Nb1 Kg7 22.Rxc8 Rxc8
23.Nc3 h5 24.Nd5 Ne8 25.g3 Bc5 26.Bxc5 Rxc5 27.h4 Bc8 28.Nb4 Rc7 29.Nd3 Kf6
30.Rc1 Rxc1 31.Nxc1 Ba6 32.Ne2 Bxe2 33.Kxe2 Nd6 34.Ke3 Ke7 35.f4 f6 36.Bd5 Nb5
37.f5 g5 38.hxg5 fxg5 39.b4 Nd6 40.a4 Ne8 41.Bc4 Nf6 42.a5 Ng4+ 43.Kf3 bxa5
44.bxa5 Kd6 45.Bd5 Kc5 46.Bb7 Kb5 47.a6 Kc5 48.Bd5 Nf6 49.Bb7 Kd6 50.Ke3 Ke7
51.Bc6 Kf8 52.Bb5 Kg7 53.Bf1 Nd7 54.Be2 g4 55.Bb5 Nc5 56.Bc4 Kf6 57.Bb5 Kg5
58.Bf1 Nd7 59.Kd3 Nf6 60.Ke3 h4  0-1

[Event "San Sebastian op"]
[Site "San Sebastian"]
[Date "1991.??.??"]
[Round "6"]
[White "Damljanovic, Branko"]
[Black "Todorcevic, Miodrag"]
[Result "1/2-1/2"]
[WhiteElo "2560"]
[BlackElo "2480"]

1.Nf3 g6 2.d4 Bg7 3.c4 d6 4.Nc3 Nd7 5.e4 e5 6.Be2 Ngf6 7.O-O O-O 8.Be3 a6
9.d5 Ng4 10.Bg5 f6 11.Bh4 Qe8 12.Nd2 Nh6 13.b4 f5 14.f3 f4 15.Rc1 Bf6 16.Bf2 Be7
17.g4 fxg3 18.hxg3 Nf7 19.Kg2 h5 20.Rh1 b6 21.Qc2 Kg7 22.Rcg1 Nf6 23.Nb3 g5
24.Be3 Bd7 25.c5 bxc5 26.bxc5 dxc5 27.Nxc5 Bxc5 28.Bxc5 Nd6 29.Nd1 Qg6 30.Ne3 g4
31.Rh4 Rf7 32.Rf1 Raf8 33.Bxd6 cxd6 34.fxg4 Nxg4 35.Rxf7+ Qxf7 36.Bxg4 Bxg4
37.Nxg4 Qf3+ 38.Kh3 hxg4+ 39.Rxg4+ Kf6 40.Rh4 Rg8 41.Qg2 Rxg3+  1/2-1/2

[Event "San Sebastian op"]
[Site "San Sebastian"]
[Date "1991.??.??"]
[Round "8"]
[White "Giorgadze, Giorgi"]
[Black "Polgar, Zsuzsa"]
[Result "1/2-1/2"]
[WhiteElo "2495"]
[BlackElo "2510"]

1.d4 Nf6 2.c4 g6 3.Nc3 Bg7 4.e4 d6 5.Be2 O-O 6.Nf3 e5 7.Be3 Ng4 8.Bg5 f6
9.Bh4 g5 10.Bg3 Nh6 11.dxe5 dxe5 12.Qb3 c6 13.c5+ Kh8 14.Nd2 Nd7 15.Qc4 Qe7
16.Na4 Rd8 17.Qc3 f5 18.f3  1/2-1/2

[Event "Schellenberg op"]
[Site "Schellenberg"]
[Date "1991.??.??"]
[Round "2"]
[White "Barle, Janez"]
[Black "Kock, Hans Uwe"]
[Result "1-0"]
[WhiteElo "2420"]
[BlackElo "2400"]

1.Nf3 Nf6 2.c4 g6 3.Nc3 Bg7 4.e4 d6 5.d4 O-O 6.Be2 Nbd7 7.O-O e5 8.Qc2 c6
9.Rd1 Qc7 10.h3 Re8 11.d5 c5 12.Bg5 h6 13.Be3 Nf8 14.Qd2 g5 15.h4 g4 16.Nh2 h5
17.Bh6 N6h7 18.Nf1 Qe7 19.g3 f5 20.Bxg7 Qxg7 21.exf5 Bxf5 22.Bd3 e4 23.Be2 Ng6
24.Nb5 Qd7 25.Qh6 a6 26.Nxd6 Qxd6 27.Qxh5 Rf8 28.Ne3 Ne7 29.Nxg4 Bg6 30.Qe5 Qxe5
31.Nxe5 Rf5 32.Nd7 Nf6 33.Nxc5 b6 34.Ne6 Nd7 35.Bg4 Rf6 36.Nc7 Raf8 37.Bxd7 Rxf2
38.d6 e3 39.dxe7 R8f3 40.e8=Q+ Bxe8 41.Nxe8 Rxg3+ 42.Kh1 Kh8 43.Rf1 Rd2 44.Rf8+ Kh7
45.Nf6+ Kh6 46.Rh8+ Kg7 47.Rg8+ Kxf6 48.Rxg3 e2 49.Bg4  1-0

[Event "UKR-chT"]
[Site "Simferopol"]
[Date "1991.??.??"]
[Round "?"]
[White "Golod, Vitali"]
[Black "Neverov, Valeriy"]
[Result "1/2-1/2"]
[WhiteElo "2310"]
[BlackElo "2505"]

1.d4 Nf6 2.c4 g6 3.Nc3 Bg7 4.e4 d6 5.Be2 O-O 6.Nf3 e5 7.dxe5 dxe5 8.Qxd8 Rxd8
9.Bg5 Na6 10.Nd5 Rd6 11.Bxf6 Bxf6 12.Nxf6+ Rxf6 13.Nxe5 Re6 14.Ng4 Kg7 15.O-O-O Rxe4
16.Ne3 Re8 17.Bf3 c6 18.Rd6 Nc5 19.h4 a5 20.b3 Be6 21.Rhd1 Re7 22.h5 Rae8
23.Kb2 Bc8 24.hxg6 fxg6 25.R1d2 h5 26.a3 Ne4 27.Bxe4 Rxe4 28.Rd8 h4 29.Kc3 g5
30.R2d4 R4e7 31.c5 Rxd8 32.Rxd8 Bd7 33.Rb8 Be6 34.f3 Kf6 35.b4 axb4+ 36.axb4 Ke5
37.Rf8 Rd7 38.Re8 Kf6 39.Rf8+ Ke5 40.Re8 Kf6 41.Rf8+ Ke5  1/2-1/2

[Event "UKR-chT"]
[Site "Simferopol"]
[Date "1991.??.??"]
[Round "?"]
[White "Neverov, Valeriy"]
[Black "Razmyslov, A."]
[Result "1-0"]
[WhiteElo "2505"]
[BlackElo "2340"]

1.d4 Nf6 2.c4 g6 3.Nc3 Bg7 4.e4 d6 5.Nf3 O-O 6.Be2 e5 7.O-O exd4 8.Nxd4 Re8
9.f3 c6 10.Kh1 Na6 11.Bg5 h6 12.Be3 d5 13.cxd5 Nxd5 14.exd5 Rxe3 15.Bxa6 bxa6
16.Nxc6 Qb6 17.Qd2 Re8 18.Ne4 Bd7 19.Rac1 Bxc6 20.dxc6 Red8 21.Qc2 Rac8 22.b3 f5
23.Nd2 Rd6 24.Nc4 Qxc6 25.Nxd6 Qxc2 26.Nxc8 Qxa2 27.Rfe1 Qxb3 28.h3 Qb8 29.Re8+ Kf7
30.Re7+ Kf8 31.Rd7 Be5 32.Nxa7  1-0

[Event "Skopje"]
[Site "Skopje"]
[Date "1991.??.??"]
[Round "1"]
[White "Bogdanovski, Vlatko"]
[Black "Jacimovic, Dragoljub"]
[Result "1-0"]
[WhiteElo "2440"]
[BlackElo "2415"]

1.d4 Nf6 2.Nf3 g6 3.c4 Bg7 4.Nc3 O-O 5.e4 d6 6.Be2 e5 7.O-O exd4 8.Nxd4 Re8
9.f3 c6 10.Kh1 Na6 11.Be3 d5 12.cxd5 Nxd5 13.exd5 Rxe3 14.Bxa6 bxa6 15.Nxc6 Qe8
16.Qd2 Bd7 17.Ne4 Bxc6 18.dxc6 Rxe4 19.fxe4 Qxc6 20.Qd5 Qxd5 21.exd5 Bxb2
22.Rab1 Bd4 23.Rb7 Rf8 24.d6 Bb6 25.g4 f5 26.gxf5 gxf5 27.Rc1 Rd8 28.Kg2 Kf8
29.Rc6  1-0

[Event "Skopje"]
[Site "Skopje"]
[Date "1991.??.??"]
[Round "2"]
[White "Jacimovic, Dragoljub"]
[Black "Golubev, Mihail"]
[Result "1/2-1/2"]
[WhiteElo "2415"]
[BlackElo "2420"]

1.d4 Nf6 2.c4 g6 3.Nc3 Bg7 4.e4 d6 5.Nf3 O-O 6.Be2 e5 7.d5 a5 8.Bg5 h6 9.Bh4 Na6
10.Nd2 Bd7 11.a3 Qe8 12.b3 Nh7 13.Rb1 f5 14.f3 Nf6 15.Bf2 Nc5 16.Qc2 fxe4
17.Ndxe4  1/2-1/2

[Event "Skopje"]
[Site "Skopje"]
[Date "1991.??.??"]
[Round "3"]
[White "Sofrevski, Jovan"]
[Black "Tringov, Georgi P"]
[Result "1/2-1/2"]
[WhiteElo "2415"]
[BlackElo "2420"]

1.Nf3 Nf6 2.c4 g6 3.Nc3 Bg7 4.e4 O-O 5.d4 d6 6.Be2 e5 7.d5 a5 8.Bg5 h6 9.Bh4 Na6
10.Nd2 Qe8 11.a3 Bd7 12.b3 Nh7 13.Rb1 f5 14.f3  1/2-1/2

[Event "Skopje"]
[Site "Skopje"]
[Date "1991.??.??"]
[Round "6"]
[White "Jacimovic, Dragoljub"]
[Black "Sofrevski, Jovan"]
[Result "1/2-1/2"]
[WhiteElo "2415"]
[BlackElo "2415"]

1.d4 Nf6 2.c4 d6 3.Nc3 Nbd7 4.e4 e5 5.Nf3 g6 6.Be2 Bg7 7.O-O O-O 8.Qc2 c6
9.d5 c5 10.Ne1 Ne8 11.a3 Qe7 12.b4 f5 13.Nd3 b6 14.a4 fxe4 15.Nxe4 Ndf6  1/2-1/2

[Event "SLO-ch"]
[Site "SLO"]
[Date "1991.??.??"]
[Round "?"]
[White "Bukic, Enver"]
[Black "Simic, Dragan"]
[Result "1/2-1/2"]
[WhiteElo "2455"]
[BlackElo "2255"]

1.d4 Nf6 2.c4 g6 3.Nc3 Bg7 4.e4 d6 5.Nf3 O-O 6.Be2 e5 7.O-O Na6 8.Re1 c6
9.Bf1 exd4 10.Nxd4 Ng4 11.Nf3 Qb6 12.Qe2 Be6 13.h3 Ne5 14.Nxe5 dxe5 15.Rb1 Rfd8
16.Be3 Qc7 17.b4 Qe7 18.a3 f5 19.f3 f4 20.Bf2 g5 21.Red1 Rxd1 22.Rxd1 h5
23.Qd3 g4 24.fxg4 hxg4 25.hxg4 Bxg4 26.Be2 Be6 27.b5 cxb5 28.Nd5 Qf7 29.cxb5 Nc7
30.Bf3 b6 31.a4 Ne8 32.Rc1 Rc8 33.Rxc8 Bxc8 34.Bh5 Qe6 35.Qc4 Kh7 36.Bxe8 Qxe8
37.Qc7 Qd7 38.Qxd7 Bxd7 39.Kf1 Kg6 40.Ke2 Bf6 41.Kd3 Kf7 42.g3 fxg3 43.Bxg3 Be6
44.Ne3 Bh3  1/2-1/2

[Event "Belavenets mem op"]
[Site "Smolensk"]
[Date "1991.??.??"]
[Round "?"]
[White "Zhukhovitsky, Samuel"]
[Black "Utemov, Vladimir"]
[Result "0-1"]
[WhiteElo "2390"]
[BlackElo "2435"]

1.d4 Nf6 2.Nf3 d6 3.c4 g6 4.Nc3 Bg7 5.e4 O-O 6.Be2 e5 7.O-O Nbd7 8.Re1 c6
9.Bf1 a6 10.d5 cxd5 11.cxd5 b5 12.a3 Nb6 13.h3 Nfd7 14.Nd2 Nc5 15.b4 Nca4
16.Nxa4 Nxa4 17.Nb3 f5 18.f3 fxe4 19.fxe4 Qh4 20.Bd2 Bxh3 21.Qe2 Qg3 22.Qd3 Rxf1+
23.Qxf1 Rf8 24.Qe2 Bg4 25.Qe3 Rf3 26.Qa7 Nc5 27.Be3 Nxb3 28.Bf2 Rxf2 29.Qxf2 Qxf2+
30.Kxf2 Nxa1 31.Rxa1 Bh6 32.a4 Bd7 33.a5 Bd2 34.Rb1 Kf7 35.Ke2 Bf4 36.Rb3 Ke7
37.g3 Bg5 38.Rc3 Kd8 39.Rc2 h5 40.Kf3 Bf6 41.Rh2 Bg5 42.Ke2 Ke8 43.Kd3 Kf7
44.Rf2+ Kg7 45.Rc2 Bd8 46.Ke3 Kh6 47.Rf2 Bg5+ 48.Kd3 Kg7 49.Rc2 Bd8 50.Ke3 g5
51.Kf3 Kf7 52.Rc1 Ke8 53.Rc2 Be7 54.Rc1 Kd8 55.Rc2 g4+ 56.Kg2 h4 57.gxh4 Bxh4
58.Rc1 Bg5 59.Rc2 Bf4 60.Re2 Be8 61.Rc2 Bg6 62.Re2 Ke7 63.Kg1 Kf6 64.Kg2 Kg5  0-1

[Event "Belavenets mem op"]
[Site "Smolensk"]
[Date "1991.??.??"]
[Round "?"]
[White "Zakharevich, Igor"]
[Black "Mishuchkov, Nikolai M"]
[Result "1/2-1/2"]
[WhiteElo "2310"]
[BlackElo "2420"]

1.d4 Nf6 2.c4 d6 3.Nc3 g6 4.e4 Bg7 5.Nf3 O-O 6.Be2 e5 7.dxe5 dxe5 8.Qxd8 Rxd8
9.Bg5 Re8 10.Nd5 Nxd5 11.cxd5 c6 12.Bc4  1/2-1/2

[Event "Smolensk"]
[Site "Smolensk"]
[Date "1991.??.??"]
[Round "?"]
[White "Ruban, Vadim"]
[Black "Varavin, Viktor"]
[Result "1-0"]
[WhiteElo "2570"]
[BlackElo "2440"]

1.d4 Nf6 2.c4 d6 3.Nf3 g6 4.Nc3 Bg7 5.e4 O-O 6.Be2 Nbd7 7.O-O e5 8.Qc2 exd4
9.Nxd4 Ng4 10.Bxg4 Bxd4 11.Bh6 Re8 12.Rad1 Bh8 13.f4 Nf6 14.Bf3 Ng4 15.Bxg4 Bxg4
16.Rd3 Be6 17.b3 Bd7 18.Bg5 f6 19.Bh4 Bc6 20.e5 g5 21.Rg3 dxe5 22.fxg5 Qd4+
23.Rf2 Qxh4 24.gxf6+ Kf7 25.Rh3 Qxh3 26.gxh3 Rg8+ 27.Kf1 Rg6 28.Nd5 Rh6 29.Qf5 Rd8
30.Qxe5 Rd7 31.Nxc7 Rxf6 32.Qe8+ Kg7 33.Rxf6 Rd1+ 34.Ke2 Bxe8 35.Nxe8+  1-0

[Event "Belavenets mem op"]
[Site "Smolensk"]
[Date "1991.??.??"]
[Round "?"]
[White "Magerramov, Elmar"]
[Black "Frolov, Artur"]
[Result "1/2-1/2"]
[WhiteElo "2560"]
[BlackElo "2470"]

1.d4 Nf6 2.c4 g6 3.Nc3 Bg7 4.e4 d6 5.Be2 O-O 6.Nf3 e5 7.Be3 Ng4 8.Bg5 f6
9.Bh4 Nc6 10.d5 Ne7 11.Nd2 Nh6 12.f3 g5 13.Bf2 f5 14.c5 g4 15.fxg4 Nxg4 16.Bxg4 fxg4
17.O-O Ng6 18.Nc4 dxc5 19.Bxc5 Rxf1+ 20.Qxf1 b6 21.Be3 Ba6 22.b3 Qd7 23.a4 Rf8
24.Qd3 Qf7 25.Qd2 h5 26.Nb5 Nf4 27.Nxa7 Qg6 28.Re1 Qxe4 29.Bxb6 Qxd5 30.Qxd5+ Nxd5
31.Bc5 Rb8 32.Nd2 Nf4 33.Nc6 Re8 34.Nb4 Bb7 35.Ne4 Rd8 36.Kf1 Kf7 37.g3 Ne6
38.Bf2 Kg6 39.Nc5 Nxc5 40.Bxc5 e4 41.Ke2 h4 42.gxh4 Be5 43.Rg1 Kh5 44.Rf1 Re8
45.Rf5+ Kxh4 46.Bf2+ Kh3 47.Kf1 g3 48.Bxg3 Bxg3 49.hxg3 Kxg3 50.Ke2 e3 51.Rf6 Kh4  1/2-1/2

[Event "Star Dojran"]
[Site "Star Dojran"]
[Date "1991.??.??"]
[Round "8"]
[White "Bogdanovski, Vlatko"]
[Black "Bielczyk, Jacek"]
[Result "1-0"]
[WhiteElo "2440"]
[BlackElo "2405"]

1.d4 d6 2.Nf3 g6 3.c4 Nd7 4.Nc3 e5 5.e4 Bg7 6.Be2 Ngf6 7.O-O O-O 8.Qc2 c6
9.d5 c5 10.a3 h6 11.Rb1 Ne8 12.Bd3 Ndf6 13.b4 b6 14.bxc5 bxc5 15.Bd2 Nh5
16.g3 Bh3 17.Rfe1 f5 18.Nh4 Qf6 19.exf5 gxf5 20.Rb7 e4 21.Be2 e3 22.fxe3 Nxg3
23.hxg3 Qg5 24.Kf2 Nf6 25.Rg1 Ne4+ 26.Nxe4 fxe4+ 27.Ke1 Rab8 28.Rxb8 Rxb8
29.Qxe4  1-0

[Event "Rilton Cup"]
[Site "Stockholm"]
[Date "1991.??.??"]
[Round "5"]
[White "Sjodin, Bengt"]
[Black "Markovic, Miroslav"]
[Result "1-0"]
[WhiteElo "2230"]
[BlackElo "2395"]

1.d4 Nf6 2.Nf3 g6 3.c4 Bg7 4.Nc3 O-O 5.e4 d6 6.Be2 e5 7.dxe5 dxe5 8.Qxd8 Rxd8
9.Bg5 c6 10.Nxe5 Re8 11.O-O-O Na6 12.Nf3 Bg4 13.Be3 Nxe4 14.Nxe4 Rxe4 15.h3 Bxf3
16.gxf3 Rh4 17.Rd7 b6 18.Kc2 Nb4+ 19.Kb1 c5 20.f4 Bd4 21.a3 Bxe3 22.fxe3 Re8
23.axb4 Rxe3 24.bxc5 bxc5 25.Bd3 Rxf4 26.h4 h5 27.Kc2 a5 28.Rd5 Rd4 29.Rxd4 cxd4
30.Rf1 Re7 31.Rf4 Rd7 32.Rf6 Kg7 33.Ra6  1-0

[Event "Rilton Cup"]
[Site "Stockholm"]
[Date "1991.??.??"]
[Round "6"]
[White "Cramling, Dan"]
[Black "Kyhle, Bo"]
[Result "1-0"]
[WhiteElo "2420"]
[BlackElo "2260"]

1.c4 Nf6 2.Nc3 g6 3.e4 d6 4.d4 Bg7 5.Nf3 O-O 6.Be2 e5 7.d5 a5 8.Bg5 h6 9.Bh4 Na6
10.Nd2 Qe8 11.a3 Bd7 12.b3 Nh7 13.f3 f5 14.Rb1 Nc5 15.Qc2 Bf6 16.Bf2 Bg5
17.b4 Na6 18.c5 axb4 19.axb4 Qe7 20.c6 bxc6 21.dxc6 Be6 22.O-O Rfc8 23.b5 Nc5
24.Nc4 Bf6 25.Ne3 fxe4 26.fxe4 Qg7 27.Ned5 Bd8 28.Bc4 Kh8 29.Ra1 Nf6 30.Rxa8 Rxa8
31.Bxc5 Bxd5 32.Bxd5 dxc5 33.b6 Rb8 34.b7 Qf8 35.Nb5 c4 36.Qxc4 Kg7 37.h3 Be7
38.Nxc7 Bc5+ 39.Kh1 Be3 40.Ne6+  1-0

[Event "Rilton Cup"]
[Site "Stockholm"]
[Date "1991.??.??"]
[Round "7"]
[White "Akesson, Ralf"]
[Black "Johansson, Carl Fredrik"]
[Result "1-0"]
[WhiteElo "2440"]
[BlackElo "2210"]

1.Nf3 Nf6 2.c4 g6 3.Nc3 Bg7 4.e4 d6 5.d4 O-O 6.Be2 e5 7.Be3 exd4 8.Nxd4 Re8
9.Qc2 c6 10.O-O-O Qe7 11.f3 d5 12.cxd5 Nxd5 13.Nxd5 cxd5 14.Rhe1 dxe4 15.fxe4 Bd7
16.Kb1 Nc6 17.Bf3 Ne5 18.Qb3 b5 19.Re2 a5 20.Rc2 a4 21.Qd5 Nc4 22.Bg5 Qb4
23.Rxc4 bxc4 24.Qxd7 Rab8 25.Bc1 Red8 26.Qa7 c3 27.Nc2 Qc4 28.Rxd8+ Rxd8
29.Qb6 Rc8 30.b3 axb3 31.axb3 Qf1 32.Qe3 Qa6 33.e5 Qb5 34.Nd4 Qa5 35.e6 c2+
36.Nxc2 Be5 37.e7 Re8 38.Qd3 Rxe7 39.Bd5 Ra7 40.Bb2 Bxb2 41.Kxb2 Qa2+ 42.Kc1 Rc7
43.Bc4 Qa5 44.Qd2 Qe5 45.Qd8+ Kg7 46.Qd4 Kf6 47.Kd2 g5 48.Kd3 h5 49.Ne3 Qxd4+
50.Kxd4 Rd7+ 51.Bd5 g4 52.b4 Kg5 53.g3 f5 54.Ng2 f4 55.Nxf4 h4 56.b5 hxg3
57.hxg3 Kf6 58.b6 Ke7 59.b7 Rd8 60.Ne6  1-0